00360nam a2200121Ia 4500008004000000020001800040082001600058100002100074245006800095260004300163300000800206650002400214210210b1988 xxu||||| |||| 00| 0 eng d a81 7050 067 2 a303.62 DANG aDANG (Satyapal). aGenesis of terrorism: an analytical study of Punjab terrorists. aNew Delhi.bPatriot Publishers.,c1988 a148 aPunjab Terrorists